Komparácia vplyvu účtovného zobrazenia dlhodobého hmotného majetku veľkých účtovných jednotiek v SR a ČR na ukazovatele finančnej analýzy bakalárska práca

Salvato in:
Dettagli Bibliografici
Autore principale: Pajerová, Marta Alexandra
Ente Autore: Fakulta hospodárskej informatiky EU. Katedra účtovníctva a audítorstva
Altri autori: Tumpach, Miloš, 1970-
Natura: Libro
Lingua:slovacco
Pubblicazione: Bratislava 2022
Tags: Aggiungi Tag
Nessun Tag, puoi essere il primo ad aggiungerne!!

MARC

LEADER 00000nbm a2200000 4500
001 0286020
005 20230123150314.2
041 0 |a slo 
044 |a SK 
245 1 0 |a Komparácia vplyvu účtovného zobrazenia dlhodobého hmotného majetku veľkých účtovných jednotiek v SR a ČR na ukazovatele finančnej analýzy  |b bakalárska práca  |c Marta Alexandra Pajerová ; školiteľ: Miloš Tumpach 
264 1 |a Bratislava  |c 2022 
300 |a 47 s. 
100 1 |a Pajerová, Marta Alexandra 
700 1 |a Tumpach, Miloš, 1970- 
710 2 |a Fakulta hospodárskej informatiky EU. Katedra účtovníctva a audítorstva